000 00257nam a2200109Ia 4500
008 190919s9999||||xx |||||||||||||| ||und||
100 _aMonle Lee
245 0 _aPrinciples of Advertising
260 _aNew Delhi
_bAddison
_c2013
300 _a624
942 _cBK
999 _c10820
_d10820